| 000 | 00683nam a22001697a 4500 | ||
|---|---|---|---|
| 008 | 250619b |||a|||| |||| 00| 0 spa d | ||
| 020 | _a9789585179622 | ||
| 040 |
_aCO-BoBLA _bspa _cCO-BoBLA _erda |
||
| 041 | 0 | _aspa | |
| 082 | 0 | 4 |
_a986.103 _bP66c _223 |
| 100 | 1 |
_aPinzón Güiza, Pedro Nel, _944177 |
|
| 245 | 1 | 0 |
_aCasanare en la formación de la República : _bFrancisco de Paula Santander y Omaña. Visión política y jurídica del Llano, compilación documental contexto 1818-1819 / _cPedro Nel Pinzón Gûiza. |
| 264 | 1 |
_aBogotá : _bEdiciones Carrera 7 SAS, _c2021. |
|
| 300 |
_a315 páginas : _bIlustraciones ; _c21 cm. |
||
| 504 | _aIncluye bibliografía. | ||
| 999 |
_c31013 _d17397 |
||